00494 2200193 4500001002100000005001500021008004100036020002200077035001900099041000700118082000800125090001700133100002000150245003100170250001000201260003600211300003100247650002200278INLIS00000000000754020241224113505241224||||||||| | ||| |||| || |  a978-602-9123-62-3 0010-1224007540 aid0 a155 a155.25 IRM b0 aIrma Susilowati00aBerdamai dengan Gaya Hidup aCet.3 aBandungbDangiang Pustakac2017 ax, 51 hlm.; ilus.; 25,1 cm 0aPengembangan Diri